000 00944nam a22002535i 4500
001 168191
003 ES-MaACL
005 20250717013106.0
008 051005q18791900sp | |||||||| ||spa d
040 _aCAM
_bspa
_cCAM
100 1 _aZola, Émile,
_d1840-1902
_9118331
245 1 3 _aLa fortune des Rougon /
_cÉmile Zola.
260 _a[S.l. :
_bs.n.,
_cs.a.] (
_eCorbeil :
_fTyp. et stér. de Crété)
300 _a385 p. ;
_c19 cm.
490 1 _aBibliothèque Charpentier
594 _aEjemp. sin port., datos tomados del ejemp.
596 _aEn verso de port., junto a los datos de impresión consta:" 6761-78", (¿1878 ?)
596 _aPosiblemente impreso en 1879, según consta en CCFR.
700 1 _aCrété,
_eimp.
_9126651
752 _aFrancia -
_dCorbeil
830 0 0 _aBibliothèque Charpentier
_9182245
852 _aES-MaACL
_jB-3239
_z-- Enc. pasta española
_q-- Falto de port.
999 _c168191
_d168191